000 00410pab a2200157 454500
008 180718b2017 xxu||||| |||| 00| 0 eng d
100 _aJeyapal, Daphne
245 _aThe evolving politics of race and social work activism: a call across borders
260 _c2017
300 _ap.45-52.
362 _aJan
650 _aSocial work
650 _aEthnic groups
773 _aSocial Work
909 _a114492
999 _c114486
_d114486